000 00861cam a22002651 4500
999 _c26633
_d26633
001 9382276
003 OSt
005 20170206084548.0
008 730824s1963 paua b 000 0 eng
010 _a 63013870
035 _a(OCoLC)681927
040 _aDLC
_cOAkU
_dMnDuStS
_dDLC
042 _apremarc
050 0 0 _aND1280
_b.E48
082 _a752
100 1 _aEllinger, Richard G.
_q(Richard Gordon)
245 1 0 _aColor structure and design.
260 _aScranton, Pa.,
_bInternational Textbook Co.
_c[1963]
300 _axiii, 144 p.
_billus. (part col.)
_c24 cm.
490 0 _aInternational textbooks in art education
504 _aBibliography: p. 139.
906 _a7
_bcbc
_coclcrpl
_du
_encip
_f19
_gy-gencatlg
942 _2lcc
_cBOOKS
_hND 1280 .E48 1963